Interpretare i bolli laterizi de Roma e della valle del tevere: produzione, storia economica e topografia

Salvato in:
Dettagli Bibliografici
Autore principale: Bruun, Christer (Autore)
Natura: Libro
Lingua:italiano
Pubblicazione: Roma Instituti Romani Finlandiae 2005
Serie:Acta Instituti Romani Finlandiae, 32
Soggetti:
Tags: Aggiungi Tag
Nessun Tag, puoi essere il primo ad aggiungerne!!

MARC

LEADER 00000nam a2200000 a 4500
001 UCK7380
003 CL-VaPUC
008 051118e20050000IT |||||||||||||||||ita|d
020 |a 9525323102 
082 0 4 |a 937.06  |b BRU  |2 21 
100 0 |a Bruun, Christer  |e author  |9 496935 
245 1 0 |a Interpretare i bolli laterizi de Roma e della valle del tevere: produzione, storia economica e topografia 
300 |a 323 p 
942 |c BK 
945 |d 20051118 00:00:00  |a jtorresc 
260 |a Roma  |b Instituti Romani Finlandiae  |c 2005 
650 0 |a Historia económica  |9 307218 
650 0 |a Topografía   |9 260423 
650 0 |a Producción   |9 263680 
651 0 |a Roma   |9 255106 
651 7 |a FINLANDIA  |2 CL-VaPUC  |9 268919 
651 0 |a Italia  |9 254949 
651 0 |a Francia  |9 255157 
583 |a last modification  |c 20051118 00:00:00  |k Rodrigo Vera 
490 0 |a Acta Instituti Romani Finlandiae, 32 
999 |c 315365  |d 315363 
952 |0 0  |1 0  |4 0  |6 937_060000000000000_BRU_2005  |7 0  |8 A  |9 388496  |a BIBHIS  |b BIBHIS  |d 2019-11-22  |i 4182170  |o 937.06 BRU 2005  |p 4182170  |r 2025-01-20  |w 2019-11-22  |y BK  |k HIS